<?xml version="1.0" encoding="UTF-8"?>
<collection xmlns="http://www.loc.gov/MARC21/slim">
 <record>
  <leader>00617nam a2200229 a 4500</leader>
  <controlfield tag="001">000029582</controlfield>
  <controlfield tag="003">16314</controlfield>
  <controlfield tag="005">20171030145630.0</controlfield>
  <controlfield tag="008">171030s2003</controlfield>
  <datafield tag="020" ind1=" " ind2=" ">
   <subfield code="c">19500</subfield>
  </datafield>
  <datafield tag="040" ind1=" " ind2=" ">
   <subfield code="a">LTT</subfield>
  </datafield>
  <datafield tag="082" ind1="0" ind2=" ">
   <subfield code="a">335.51</subfield>
   <subfield code="b">TR-H</subfield>
  </datafield>
  <datafield tag="100" ind1="1" ind2=" ">
   <subfield code="a">Trần Đình Hùynh, PGS</subfield>
  </datafield>
  <datafield tag="245" ind1="0" ind2="0">
   <subfield code="a">Từ Các Mác đến Hồ CHí Minh một dòng chảy văn hoá</subfield>
   <subfield code="c">Trần Đình Hùynh, Trịnh Quang Cảnh.</subfield>
  </datafield>
  <datafield tag="260" ind1=" " ind2=" ">
   <subfield code="b">Nxb Hà Nội</subfield>
   <subfield code="c">2003</subfield>
  </datafield>
  <datafield tag="OWN" ind1=" " ind2=" ">
   <subfield code="a">LTT</subfield>
  </datafield>
  <datafield tag="999" ind1=" " ind2=" ">
   <subfield code="a">From the UDN01</subfield>
  </datafield>
  <datafield tag="TYP" ind1=" " ind2=" ">
   <subfield code="a">Monograph</subfield>
  </datafield>
  <datafield tag="TYP" ind1=" " ind2=" ">
   <subfield code="a">Printed language</subfield>
  </datafield>
  <datafield tag="980" ind1=" " ind2=" ">
   <subfield code="a">Mạng thư viện Đại học Đà Nẵng</subfield>
  </datafield>
 </record>
</collection>
